Tchim, a droga e o Benjamin (Registo nº 48978)

Detalhes MARC
000 -Etiqueta do registo
campo de controlo de comprimento fixo 007740000a22002530004500
001 - Identificador do registo
Campo de controlo 48978
010 ## - ISBN
Número (ISBN) 972-25-0734-6
021 ## - Nº depósito legal
Código do país Portugal
Número 60419/92
100 ## - Dados Gerais de Proc.
Dados gerais de processamento 20100630d2010 k y0pory5003 ba
101 0# - Língua da publicação
Língua do texto, banda sonora, etc. Português
102 ## - País de Publicação
País de publicação Portugal
200 1# - Título
Título próprio Tchim, a droga e o Benjamin
Primeira menção de responsabilidade Graça Gonçalves
Outras menções de responsabilidade il. de Glória Henriques
210 ## - Publicação, Distribuição
Lugar da edição, distribuição, etc. Venda Nova
Nome do editor, distribuidor, etc. Bertrand
Data da publicação, distribuição, etc. 1992
215 ## - Descrição física
Descrição física 63 p.
Outras indicações físicas il.
225 2# - Colecção
Título próprio da colecção Tchim
606 ## - Nome comum
Koha Internal code 2153
Elemento de entrada Literatura para crianças e jovens
675 ## - CDU
Notação 087.5
Edição BN
Língua da edição Português
675 ## - CDU
Notação 821.134.3-34"19"
Edição BN
Língua da edição Português
700 #1 - Responsabilidade principal
Koha Internal Code 22528
Palavra de ordem Gonçalves
Outra parte do nome Graça
Datas 1951
702 #1 - Responsabilidade secundária
Koha Internal Code 24226
Código de função Ilustrador
Palavra de ordem Henriques
Outra parte do nome Graça
801 ## - Fonte de origem
País Portugal
Data da última transacção 20100630
090 ## - Números de controlo do sistema (Koha)
Número biblioitem do Koha (gerado automaticamente) 48978
942 ## - Elementos de entrada adicionados (Koha)
Tipo de item no Koha Monografias
Suprimido Disponível no OPAC
999 ## - Campo local
Campo local 48978
Exemplares
Perdido (estado) Data de aquisição Origem do registo (biblioteca) (codificado) Código da organização que empresta ou é detentora (biblioteca) Código de barras Cota Tipo de circulação (não pode ser emprestado) Tipo de item e material
Disponível 2010-06-30 Biblioteca EB23 D. Paio Peres Correia Biblioteca EB23 D. Paio Peres Correia BEBDPPC2469 81.4 GON Normal Monografias